Library Logo

Pioneer International University Library Catalogue

EVERWILD/ (Record no. 9970)

MARC details
000 -LEADER
fixed length control field 00452nam a22001697a 4500
003 - CONTROL NUMBER IDENTIFIER
control field OSt
005 - DATE AND TIME OF LATEST TRANSACTION
control field 20260217102730.0
008 - FIXED-LENGTH DATA ELEMENTS--GENERAL INFORMATION
fixed length control field 260217b |||||||| |||| 00| 0 eng d
020 ## - INTERNATIONAL STANDARD BOOK NUMBER
International Standard Book Number 9781416958635
040 ## - CATALOGING SOURCE
Transcribing agency SIMON & SCHUSTER
050 ## - LIBRARY OF CONGRESS CALL NUMBER
Classification number PZ 7 .S559 2009
Item number .S559 2009
245 ## - TITLE STATEMENT
Title EVERWILD/
Statement of responsibility, etc. NEAL SHUSTERMAN
250 ## - EDITION STATEMENT
Edition statement 1st edition
260 ## - PUBLICATION, DISTRIBUTION, ETC.
Place of publication, distribution, etc. NEWYORK:
Name of publisher, distributor, etc. SIMON & SCHUSTER,
Date of publication, distribution, etc. 2009
300 ## - PHYSICAL DESCRIPTION
Extent 424 Pages,
Type of unit fiction
942 ## - ADDED ENTRY ELEMENTS (KOHA)
Source of classification or shelving scheme Library of Congress Classification
Koha item type Books
Edition 1st ed.
Suppress in OPAC No
Holdings
Withdrawn status Lost status Source of classification or shelving scheme Damaged status Not for loan Home library Current library Date acquired Total checkouts Full call number Barcode Date last seen Price effective from Koha item type
    Library of Congress Classification     PIU Library Main Library 02/17/2026   PZ 7 .S556 2009 PIUDLMUR956 02/17/2026 02/17/2026 Books